000 00351nam a2200157Ia 4500
008 210210b1922 xxu||||| |||| 00| 0 eng d
041 _aeng
082 _a828/647
100 _aTINKER (C B)
245 _aYoung Boswell
260 _aLondon
_bNot Mentioned
_c1922
650 _aYoung
650 _aBoswell
690 _aBiography
906 _a016493
999 _c136027
_d136027